Efektivnost inovací - cenová politika - jak dál ?
Vývoj nových výrobkov či technológií vyžaduje značné finančné prostriedky, ktoré majú priamy vplyv na konečnú cenu inovovaného produktu. Sú tieto investície do inovácií efektívne z hľadiska hospodárenia podniku ? Finančné zdroje inovačného procesu. Financovanie zo súkromných zdrojov, poskytovanie úv...
Na minha lista:
| Autor principal: | |
|---|---|
| Formato: | Capítulo de Livro |
| Idioma: | tcheco |
| Assuntos: | |
| Tags: |
Sem tags, seja o primeiro a adicionar uma tag!
|
MARC
| LEADER | 00000naa$a2200000$$$4500 | ||
|---|---|---|---|
| 001 | 0097451 | ||
| 005 | 20250926123424.9 | ||
| 041 | 0 | |a cze | |
| 044 | |a CZ | ||
| 245 | 1 | 0 | |a Efektivnost inovací - cenová politika - jak dál ? |c Richard Čemus |
| 520 | |a Vývoj nových výrobkov či technológií vyžaduje značné finančné prostriedky, ktoré majú priamy vplyv na konečnú cenu inovovaného produktu. Sú tieto investície do inovácií efektívne z hľadiska hospodárenia podniku ? Finančné zdroje inovačného procesu. Financovanie zo súkromných zdrojov, poskytovanie úveru komerčnými bankami, financovanie súkromným kapitálom rizikového charakteru v podobe Business angels a Venture capital, financovanie z verejných zdrojov, podpora z prostriedkov EÚ. Cenová politika u inovácií - vplyv zdrojov financovania. | ||
| 610 | 2 | 0 | |a inovácia |
| 610 | 2 | 0 | |a inovácia výrobkov |
| 610 | 2 | 0 | |a efektívnosť inovácií |
| 610 | 2 | 0 | |a zdroje finančné |
| 610 | 2 | 0 | |a zdroje finančné cudzie |
| 610 | 2 | 0 | |a politika cenová |
| 100 | 1 | |a Čemus, Richard | |